000 00426nam a22001817a 4500
003 MPLRDC
005 20220104174728.0
008 210129b ||||| |||| 00| 0 eng d
020 _a967-933-006-0
082 _a524.9562 LIA 1984
100 _aTAN SENG LIANG
245 _aKIMIA STPM
_c
250 _a第二版
260 _a
_bPENERBIT FAJAR BAKTI
_c1984
300 _b
650 _a
942 _cBK
_o524.9562 LIA 1984
999 _c59999
_d59989